Alphabet - Statistiques

Statistiques générales
  • Ce quiz a été pris 41 fois
  • Le résultat moyen est 25 sur 26
Statistiques - réponses
Lettre % Correct
b
100%
c
100%
a
100%
d
97%
e
97%
f
97%
g
97%
h
97%
i
97%
j
97%
k
97%
l
97%
m
97%
n
97%
o
97%
p
97%
q
97%
r
97%
s
97%
t
97%
u
97%
v
97%
w
97%
x
97%
y
94%
z
94%
Aucun quiz correspondant
Distribution des résultats
% des personnes avec chaque résultat
Percentile par nombre de réponses
Votre historique - résultats
Vous n’avez pas pris ce quiz